000 00619nam a2200217 a 4500
001 18589
003 CO-ViMGA
008 141112s2004 ck r 000 u spa d
020 _a8484700097
040 _aCO-ViMGA
_bspa
_cCO-ViMGA
082 0 4 _aBOUq
100 1 _aBoujon, Claude
_926467
245 1 0 _aQue aproveche señor conejo!
260 _aBarcelona (España),
_cCorimbo,
_c2001
300 _a29.p.
590 _aForma de adquisición : Premio - Mincultura
650 1 4 _aANIMALES EN LA LITERATURA
_9853
650 1 4 _aCUENTOS INFANTILES
_92743
650 1 4 _aLIBROS ILUSTRADOS PARA NIÑOS
_92001
942 _2ddc
_cBK
999 _c27851
_d27851